Los "Uffiuzzi" en Florencia /
Qué son los "Uffiuzzi". Los Medicis. Recorrido por las obras de arte expuestas. Las pinturas italianas. Los períodos históricos reflejados en el arte: Renacimiento. Detalle de algunas obras destacadas.
Guardado en:
| Autor Corporativo: | |
|---|---|
| Formato: | |
| Series: | Museos del mundo
|
| Materias: | |
| Etiquetas: |
Agregar Etiqueta
Sin Etiquetas, Sea el primero en etiquetar este registro!
|
| LEADER | 00937ngm a22002535g 4500 | ||
|---|---|---|---|
| 001 | CEM.cems021862 | ||
| 008 | 130507b1993##################0###0#####d | ||
| 005 | 20240918150601.0 | ||
| 245 | 1 | 0 | |a Los "Uffiuzzi" en Florencia / |c TRANSTEL. |
| 300 | |a 27'. | ||
| 490 | 0 | |a Museos del mundo | |
| 500 | |a En soporte VHS, consultar en ventanilla. | ||
| 520 | |a Qué son los "Uffiuzzi". Los Medicis. Recorrido por las obras de arte expuestas. Las pinturas italianas. Los períodos históricos reflejados en el arte: Renacimiento. Detalle de algunas obras destacadas. | ||
| 538 | |a Soporte: VHS - Norma: Pal N - Color - Grabación DRD 1993 - Hitachi=0000 | ||
| 110 | 2 | |a TRANSTEL. | |
| 082 | 7 | 0 | |/ MUS |
| 653 | |a ARTE | ||
| 653 | |a HISTORIA DEL ARTE | ||
| 653 | |a MUSEOLOGIA | ||
| 653 | |a PINTURA | ||
| 653 | |a MEDICIS | ||
| 653 | |a HISTORIA | ||
| 653 | |a NIVEL SECUNDARIO | ||
| 859 | |a CEMS |b BIB. CEMS - Depto. Recursos Didacticos |h 700 |i MUS |k DRD |p 505.12 |t Ej.1 | ||
